000 00467nam a2200193Ia 4500
008 240510s9999 xx 000 0 und d
020 _a0000471610054
041 _aEng
082 _a005.131
082 _bW23
100 _aWEISKAMP K. , SHAMMAS N. , PRONK R.
245 0 _aTURBO LIBRARIES : A PROGRAMMER'S REFERENCE
260 _bNEWYORK : ADDISON WESLEY
260 _c1989
300 _a5850 p.
650 _aPROGRAMMING
942 _2ddc
942 _cLBK
999 _c25525
_d25525
945 _a1
_bMadushi Gamage
_c1
_dMadushi Gamage